Statistics for Tax Havens Quiz

Click here to take the quiz!

General Stats

  • This quiz has been taken 23 times
  • The average score is 14 of 30

Answer Stats

ContinentAnswer% Correct
EuropeLiechtenstein
77%
OceaniaAmerican Samoa
73%
EuropeIreland
73%
OceaniaSamoa
73%
North AmericaBahamas
68%
OceaniaFiji
68%
EuropeLuxembourg
68%
AsiaHong Kong
59%
EuropeMalta
59%
North AmericaBermuda
55%
OceaniaMarshall Islands
55%
AsiaSingapore
55%
AsiaCyprus
50%
OceaniaNauru
50%
North AmericaPanama
50%
North AmericaCayman Islands
45%
EuropeNetherlands
45%
OceaniaPalau
45%
EuropeJersey
36%
AfricaMauritius
36%
North AmericaPuerto Rico
36%
North AmericaUS Virgin Islands
36%
North AmericaCuracao
32%
AfricaSeychelles
32%
AsiaTaiwan
32%
North AmericaTrinidad and Tobago
32%
North AmericaBritish Virgin Islands
27%
Oceania8Guam
23%
AsiaOman
9%
EuropeSwizterland
0%

Score Distribution

Percentile by Number Answered

Percent of People with Each Score

Your Score History

You have not taken this quiz